000 00740nam a2200253Ia 4500
003 OSt
005 20220928115201.0
006 a|||||r|||| 00| 0
007 ta
008 220927b |||||||| |||| 00| 0 san d
020 _cINR 400.00
024 _a134925
037 _b374, 10/03/2017, Vidyanidhi Prakashan
_cTextual
040 _aSDCL
_cSDCL
_bsan
041 _2san
_asan
082 _aP15, Q5
100 _aGaur Neelam
_9443321
245 0 _aNaamdhatu kriyarup
_b Bhashshastriya aadhyayan
260 _aDilli
_bShivalik Prakashan
_c2015
300 _ax,86p.
_ccm.
650 _aSanskrit
_9391587
942 _hP15, Q5
_cTEXL
_2CC
999 _c758463
_d758463